[Event "C.to Regionale Piemonte"]
[Site "Torino ITA"]
[Date "2008.04.27"]
[Round "9"]
[White "Sattanino, Andrea"]
[Black "Marvin, Elio"]
[Result "1-0"]
[WhiteElo "1840"]
[BlackElo "1822"]
[PlyCount "69"]
[EventDate "2008.04.20"]

1. d4 d5 2. c4 e6 3. Nc3 c6 4. Nf3 f5 5. Bf4 Nf6 6. e3 Be7 7. Bd3 O-O 8. O-O
Re8 9. Rc1 g6 10. cxd5 exd5 11. a3 Nbd7 12. Nb5 Nf8 13. Nc7 Bd7 14. Nxa8 Qxa8
15. Ne5 Be6 16. Bg5 Kg7 17. f4 Bd6 18. Qe1 Ng8 19. b4 a6 20. a4 h6 21. Bh4 Nh7
22. b5 Bxe5 23. fxe5 g5 24. Bg3 Ne7 25. bxc6 bxc6 26. Qa5 Qa7 27. Rb1 f4 28.
Bf2 Nf5 29. exf4 gxf4 30. Rb6 Ng5 31. Rxc6 Re7 32. Rxe6 Nxe6 33. Bxf5 Ng5 34.
Qxd5 f3 35. e6 1-0

[Event "C.to Regionale Piemonte"]
[Site "Torino ITA"]
[Date "2008.04.27"]
[Round "9"]
[White "Zunino, Davide"]
[Black "Ferretti, Carlo"]
[Result "1/2-1/2"]
[WhiteElo "1986"]
[BlackElo "1963"]
[PlyCount "89"]
[EventDate "2008.04.20"]

1. d4 d6 2. Nf3 Bg4 3. Qd3 c6 4. e4 Nd7 5. Be2 e5 6. Be3 Ngf6 7. Nc3 Be7 8. O-O
O-O 9. a4 Re8 10. Nd2 Qc7 11. h3 Bxe2 12. Nxe2 d5 13. Ng3 Rad8 14. exd5 Nxd5
15. Qb3 exd4 16. Bxd4 Nc5 17. Bxc5 Bxc5 18. Nde4 Bd4 19. Rad1 Qb6 20. Qd3 Nf6
21. Qf3 Be5 22. Nxf6+ Bxf6 23. b3 Rxd1 24. Rxd1 Rd8 25. Rxd8+ Qxd8 26. Ne4 Be7
27. Qg4 g6 28. Qe2 Qd7 29. Nd2 Bf6 30. Ne4 Be7 31. Qd2 Qxd2 32. Nxd2 Kf8 33.
Kf1 Ke8 34. Ke2 Kd7 35. Kd3 Ke6 36. Nf3 f5 37. c4 Bf6 38. Ke3 b6 39. Nd4+ Bxd4+
40. Kxd4 c5+ 41. Ke3 Ke5 42. f4+ Kd6 43. g4 h5 44. g5 Kc6 45. Kd3 1/2-1/2

[Event "IX C.to Europeo"]
[Site "Plovdiv BUL"]
[Date "2008.04.21"]
[Round "1"]
[White "Caruana, Fabiano"]
[Black "Berczes, David"]
[Result "1-0"]
[WhiteElo "2620"]
[BlackElo "2453"]
[PlyCount "67"]
[EventDate "2008.04.21"]

1. e4 e6 2. d4 d5 3. Nc3 Nf6 4. Bg5 dxe4 5. Nxe4 Be7 6. Bxf6 Bxf6 7. Nf3 O-O 8.
Bc4 Nd7 9. Qe2 a6 10. O-O-O b5 11. Bd3 Bb7 12. h4 Be7 13. Kb1 Nf6 14. Nfg5 Bxe4
15. Bxe4 Rc8 16. Bd3 Qd6 17. g4 c5 18. dxc5 Qxc5 19. f4 Rfd8 20. Rhe1 Bd6 21.
Nxf7 Kxf7 22. g5 Nd5 23. Qxe6+ Kf8 24. Qf5+ Nf6 25. gxf6 Qxf5 26. Bxf5 Rc5 27.
Bxh7 gxf6 28. Rg1 Kf7 29. h5 Bc7 30. Rxd8 Bxd8 31. h6 f5 32. Bg8+ Kf8 33. h7
Bf6 34. Bb3 1-0

[Event "IX C.to Europeo"]
[Site "Plovdiv BUL"]
[Date "2008.04.21"]
[Round "1"]
[White "Zelcic, Robert"]
[Black "Rombaldoni, Axel"]
[Result "1-0"]
[WhiteElo "2591"]
[BlackElo "2398"]
[PlyCount "55"]
[EventDate "2008.04.21"]

1. e4 c5 2. Nf3 Nc6 3. d4 cxd4 4. Nxd4 Nf6 5. Nc3 d6 6. Bg5 e6 7. Qd3 a6 8.
O-O-O Qb6 9. Be2 Bd7 10. Qe3 Rc8 11. Kb1 h6 12. Bf4 Nxd4 13. Rxd4 Rxc3 14. Qxc3
e5 15. Rb4 Qxf2 16. Bf3 exf4 17. e5 dxe5 18. Qxe5+ Be7 19. Rxb7 Kf8 20. Re1 Qc5
21. Qb8+ Be8 22. Rexe7 Qxe7 23. Rxe7 Kxe7 24. Qb4+ Ke6 25. Qc4+ Ke5 26. Qc5+
Ke6 27. Qb6+ Ke5 28. Qa5+ 1-0

[Event "IX C.to Europeo"]
[Site "Plovdiv BUL"]
[Date "2008.04.22"]
[Round "2"]
[White "Rombaldoni, Axel"]
[Black "Monev, Alexander"]
[Result "0-1"]
[WhiteElo "2398"]
[BlackElo "2038"]
[PlyCount "124"]
[EventDate "2008.04.21"]

1. e4 c5 2. Nf3 e6 3. d4 cxd4 4. Nxd4 a6 5. Bd3 Nf6 6. O-O Qc7 7. c3 Nc6 8. Kh1
d5 9. exd5 Nxd5 10. Nxc6 bxc6 11. c4 Nf6 12. Qf3 Bb7 13. Bf4 Bd6 14. Bxd6 Qxd6
15. Nc3 O-O 16. Rfd1 Qe7 17. Ne4 Nxe4 18. Bxe4 Rac8 19. Re1 g6 20. Re2 Rfd8 21.
Rc1 Rc7 22. Qe3 c5 23. Bc2 Rd4 24. Ba4 Re4 25. Qxe4 Bxe4 26. Rxe4 Rc8 27. Re2
Rd8 28. h3 a5 29. Bc6 Rd4 30. b3 Qd6 31. Bf3 Kg7 32. Rce1 Rd2 33. g3 Qd3 34.
Kg2 Qc2 35. Rxd2 Qxd2 36. Re2 Qc3 37. Re3 Qa1 38. Re2 e5 39. Rd2 e4 40. Be2 Qe1
41. Rc2 f5 42. Bf1 Qd1 43. Re2 Qd4 44. f3 e3 45. f4 h6 46. h4 g5 47. hxg5 hxg5
48. fxg5 Kg6 49. Kh2 Kxg5 50. Bg2 Kg4 51. Bf1 Kf3 52. Rg2 Qd1 53. Kg1 Qe1 54.
a3 Qc1 55. a4 Qe1 56. b4 axb4 57. a5 Qa1 58. a6 b3 59. a7 Qxa7 60. g4 f4 61. g5
Ke4 62. g6 Qg7 0-1

[Event "IX C.to Europeo"]
[Site "Plovdiv BUL"]
[Date "2008.04.23"]
[Round "3"]
[White "Galopoulos, Nikolaos"]
[Black "Rombaldoni, Axel"]
[Result "0-1"]
[WhiteElo "2243"]
[BlackElo "2398"]
[PlyCount "66"]
[EventDate "2008.04.21"]

1. d4 Nf6 2. c4 g6 3. Nc3 Bg7 4. e4 d6 5. Nf3 O-O 6. Be2 c5 7. O-O Nc6 8. d5
Na5 9. a3 b6 10. Qc2 e5 11. Ne1 Ne8 12. b4 Nb7 13. Nd3 f5 14. Rb1 f4 15. Qd1
Nf6 16. bxc5 bxc5 17. f3 g5 18. Nf2 h5 19. Qd3 Rf7 20. h3 Bh6 21. Bd2 Nd7 22.
Rb5 Nb6 23. Qc2 Bd7 24. Rb2 g4 25. fxg4 Qh4 26. Nb1 Na5 27. gxh5 Kh7 28. Bxa5
f3 29. Bxf3 Rxf3 30. Bd2 Rg8 31. Bxh6 Rgg3 32. Kh2 Bxh3 33. gxh3 Rxf2+ 0-1

[Event "IX C.to Europeo"]
[Site "Plovdiv BUL"]
[Date "2008.04.24"]
[Round "4"]
[White "Braun, Arik"]
[Black "Caruana, Fabiano"]
[Result "1/2-1/2"]
[WhiteElo "2529"]
[BlackElo "2620"]
[PlyCount "66"]
[EventDate "2008.04.21"]

1. Nf3 d5 2. d4 Nf6 3. c4 c6 4. e3 e6 5. Bd3 dxc4 6. Bxc4 Nbd7 7. O-O Bd6 8.
Nc3 b5 9. Bd3 O-O 10. a3 a5 11. Ng5 Bb7 12. Bd2 b4 13. Nce4 Be7 14. axb4 axb4
15. Qc2 h6 16. Nxf6+ Nxf6 17. Nh7 Nxh7 18. Bxh7+ Kh8 19. Be4 Qb6 20. h3 Rfc8
21. Rxa8 Rxa8 22. Rc1 Kg8 23. Qb3 Rc8 24. Qd1 c5 25. dxc5 Rxc5 26. Bxb7 Qxb7
27. Rxc5 Bxc5 28. Qb3 Qe4 29. f3 Qe5 30. Kf2 Bd6 31. Qd3 Be7 32. Qd4 Qa5 33.
Ke2 Bf8 1/2-1/2

[Event "IX C.to Europeo"]
[Site "Plovdiv BUL"]
[Date "2008.04.24"]
[Round "4"]
[White "Rombaldoni, Axel"]
[Black "Georgiev, Vladimir"]
[Result "1/2-1/2"]
[WhiteElo "2398"]
[BlackElo "2572"]
[PlyCount "93"]
[EventDate "2008.04.21"]

1. e4 e5 2. Nf3 Nc6 3. Bb5 a6 4. Ba4 Nf6 5. O-O Bc5 6. c3 b5 7. Bc2 d6 8. d4
Ba7 9. h3 Bb7 10. d5 Ne7 11. b3 O-O 12. c4 Ng6 13. Nc3 bxc4 14. bxc4 Nd7 15.
Ne2 a5 16. Nc3 Ba6 17. Nb5 Bc5 18. a4 Nb6 19. Qd3 Qd7 20. Be3 Bxe3 21. fxe3 c6
22. Na3 Rac8 23. Nd2 Qc7 24. Rac1 Ne7 25. Qc3 cxd5 26. Qxa5 Nxc4 27. Qxa6 Nxd2
28. exd5 e4 29. Rf2 Qc5 30. Re1 Qxa3 31. Rxd2 f5 32. Qb7 Ng6 33. Rf2 Ne5 34.
Ree2 Qc5 35. Kh2 Rc7 36. Qb3 Qc3 37. Qb6 Qc5 38. Qb3 Qa5 39. Bxe4 fxe4 40.
Rxf8+ Kxf8 41. Qb8+ Kf7 42. Rf2+ Kg6 43. Qe8+ Kh6 44. Qd8 g6 45. Qh4+ Kg7 46.
Qf6+ Kh6 47. Qh4+ 1/2-1/2

[Event "IX C.to Europeo"]
[Site "Plovdiv BUL"]
[Date "2008.04.25"]
[Round "5"]
[White "Lopez Martinez, Josep Manuel"]
[Black "Rombaldoni, Axel"]
[Result "1-0"]
[WhiteElo "2575"]
[BlackElo "2398"]
[PlyCount "79"]
[EventDate "2008.04.21"]

1. d4 Nf6 2. Nf3 g6 3. c4 Bg7 4. Nc3 O-O 5. e4 d6 6. Be2 c5 7. O-O Nc6 8. d5
Na5 9. Bg5 h6 10. Be3 e5 11. Nd2 Ne8 12. f4 exf4 13. Bxf4 Qe7 14. Qc2 b6 15.
Nf3 Bg4 16. Rae1 Bxf3 17. gxf3 Nf6 18. Bd2 Nh5 19. f4 Qh4 20. Qd3 f5 21. Bxh5
Qxh5 22. Nb5 Bxb2 23. Bxa5 bxa5 24. e5 dxe5 25. fxe5 a6 26. Nc7 Rab8 27. Qf3
Qh4 28. Qf4 Qh5 29. e6 g5 30. Qf3 g4 31. Qf4 g3 32. Qxg3+ Kh8 33. Kh1 Rg8 34.
Qf3 Rg4 35. Qxf5 Qh3 36. Qf3 Qh5 37. Re4 Be5 38. Rxe5 Qxe5 39. Qxg4 Qxc7 40.
Qg6 1-0

[Event "IX C.to Europeo"]
[Site "Plovdiv BUL"]
[Date "2008.04.26"]
[Round "6"]
[White "Rombaldoni, Axel"]
[Black "Vegh, Endre"]
[Result "1/2-1/2"]
[WhiteElo "2398"]
[BlackElo "2283"]
[PlyCount "129"]
[EventDate "2008.04.21"]

1. e4 g6 2. d4 Bg7 3. Be3 d6 4. h4 h5 5. Nc3 c6 6. Qd2 b5 7. Nh3 Nd7 8. d5 b4
9. Nd1 c5 10. a3 bxa3 11. Rxa3 Ngf6 12. f3 O-O 13. Ra5 Nb6 14. c4 Nfd7 15. b3
Ne5 16. Be2 e6 17. dxe6 Bxe6 18. Bg5 Qc7 19. Ne3 Nc6 20. Ra3 Nd4 21. Bd1 Nd7
22. Nf4 Rfe8 23. O-O Nb6 24. Nd3 Nd7 25. Nf4 Nb6 26. Nc2 Bd7 27. Ne2 Nxe2+ 28.
Bxe2 Bc6 29. Rd1 Re6 30. b4 cxb4 31. Qxb4 Bf8 32. Qd2 Ree8 33. Bf4 Rad8 34. c5
Nc8 35. Nb4 Bb7 36. c6 Bxc6 37. Rc1 Ne7 38. Nxc6 Nxc6 39. Rac3 Qb6+ 40. Be3 Bh6
41. Bxb6 Bxd2 42. Bxd8 Nxd8 43. R1c2 Bxc3 44. Rxc3 Ne6 45. Ra3 Nf4 46. Bf1 Re7
47. Ra6 Rd7 48. Bb5 Rb7 49. Bc4 Rc7 50. Bf1 Rd7 51. Kf2 Kf8 52. Ke3 Ne6 53. Bc4
Ke7 54. Ra3 Nc7 55. Ra5 Ne6 56. g4 hxg4 57. fxg4 Rc7 58. Bd3 Kf6 59. Rd5 Rc6
60. h5 gxh5 61. gxh5 Rc5 62. Rxd6 Rxh5 63. Ra6 Rh3+ 64. Kd2 Ke5 65. Ra5+
1/2-1/2

[Event "IX C.to Europeo"]
[Site "Plovdiv BUL"]
[Date "2008.04.26"]
[Round "6"]
[White "Savchenko, Boris"]
[Black "Caruana, Fabiano"]
[Result "0-1"]
[WhiteElo "2569"]
[BlackElo "2620"]
[PlyCount "80"]
[EventDate "2008.04.21"]

1. d4 d5 2. Nf3 Nf6 3. c4 c6 4. e3 e6 5. b3 Nbd7 6. Bd3 Bd6 7. Bb2 b6 8. O-O
Bb7 9. Nbd2 O-O 10. Ne5 Qc7 11. f4 c5 12. Qe1 cxd4 13. exd4 Bb4 14. a3 Bxd2 15.
Qxd2 Ne4 16. Qe3 f6 17. Rac1 Qd8 18. Nxd7 Qxd7 19. b4 Rfc8 20. c5 Bc6 21. Qe2
b5 22. a4 a6 23. a5 f5 24. g4 fxg4 25. Qxg4 Rf8 26. Rcd1 Rf6 27. Bxe4 dxe4 28.
d5 Rg6 29. Qxg6 hxg6 30. dxc6 Qxc6 31. Rd6 Qb7 32. Re1 Qf7 33. Rxe4 Qf5 34.
Rdxe6 Rd8 35. Bc3 Rd1+ 36. Be1 Qg4+ 37. Kh1 Rc1 38. Re2 Qxf4 39. Kg2 Qg5+ 40.
Bg3 Qd5+ 0-1

[Event "IX C.to Europeo"]
[Site "Plovdiv BUL"]
[Date "2008.04.27"]
[Round "7"]
[White "Kokolias, Konstantinos"]
[Black "Rombaldoni, Axel"]
[Result "0-1"]
[WhiteElo "2214"]
[BlackElo "2398"]
[PlyCount "60"]
[EventDate "2008.04.21"]

1. e4 c5 2. Nc3 Nc6 3. g3 Rb8 4. Bg2 b5 5. d3 g6 6. Be3 d6 7. f4 b4 8. e5 Nxe5
9. fxe5 bxc3 10. bxc3 Bg7 11. Rb1 Rxb1 12. Qxb1 Qb6 13. Qxb6 axb6 14. d4 Nh6
15. exd6 exd6 16. Ne2 O-O 17. Kd2 Nf5 18. Bf4 cxd4 19. cxd4 Nxd4 20. Bxd6 Rd8
21. Bc7 Rd7 22. Nxd4 Bxd4 23. Bf4 g5 24. Bh3 gxf4 25. Bxd7 Be3+ 26. Kd3 Bxd7
27. c4 Kg7 28. Rf1 Bh3 29. Rd1 Bf5+ 30. Kc3 f3 0-1

[Event "IX C.to Europeo"]
[Site "Plovdiv BUL"]
[Date "2008.04.29"]
[Round "8"]
[White "Iotov, Valentin"]
[Black "Caruana, Fabiano"]
[Result "1/2-1/2"]
[WhiteElo "2531"]
[BlackElo "2620"]
[PlyCount "36"]
[EventDate "2008.04.21"]

1. d4 d5 2. Nf3 Nf6 3. c4 c6 4. Nc3 e6 5. Bg5 h6 6. Bxf6 Qxf6 7. Qc2 dxc4 8. e3
b5 9. a4 Bb7 10. Ne5 Bd6 11. axb5 cxb5 12. Nxb5 Bxe5 13. dxe5 Qxe5 14. Bxc4 O-O
15. O-O Rc8 16. Rfd1 Bd5 17. b3 a6 18. Nc3 Bxc4 1/2-1/2

[Event "IX C.to Europeo"]
[Site "Plovdiv BUL"]
[Date "2008.04.30"]
[Round "9"]
[White "Goumas, Georgios"]
[Black "Rombaldoni, Axel"]
[Result "1-0"]
[WhiteElo "2234"]
[BlackElo "2398"]
[PlyCount "74"]
[EventDate "2008.04.21"]

1. e4 c5 2. Nf3 Nc6 3. d4 cxd4 4. Nxd4 Nf6 5. Nc3 d6 6. Bg5 e6 7. Qd2 a6 8.
O-O-O Bd7 9. f4 b5 10. Nxc6 Bxc6 11. Bd3 Qb6 12. Rhe1 Ng4 13. Bh4 Nxh2 14. Be2
h5 15. Rh1 b4 16. Nb1 Bxe4 17. Rxh2 Rc8 18. Bd3 Bd5 19. Bf2 Qb7 20. Qe2 Ra8 21.
Bc4 Bxc4 22. Qxc4 Rc8 23. Qd4 Be7 24. Nd2 d5 25. Nf3 Rc4 26. Qxg7 Rf8 27. Nd4
a5 28. Kb1 a4 29. Bh4 a3 30. Bxe7 Qxe7 31. Rh3 axb2 32. Re3 Rc3 33. Re2 Kd7 34.
Nxe6 Ra8 35. Rxd5+ Kc8 36. Qg8+ Kb7 37. Nd8+ Rxd8 1-0

[Event "IX C.to Europeo"]
[Site "Plovdiv BUL"]
[Date "2008.05.01"]
[Round "10"]
[White "Rombaldoni, Axel"]
[Black "Reutsky, Sergei"]
[Result "0-1"]
[WhiteElo "2398"]
[BlackElo "2302"]
[PlyCount "86"]
[EventDate "2008.04.21"]

1. e4 e6 2. d4 d5 3. Nc3 Nf6 4. Bg5 dxe4 5. Nxe4 Be7 6. Bxf6 gxf6 7. Nf3 f5 8.
Ned2 c5 9. Bb5+ Bd7 10. Qe2 Bxb5 11. Qxb5+ Qd7 12. Qc4 cxd4 13. Ne5 b5 14. Qb3
Qb7 15. O-O-O Na6 16. Qg3 f6 17. Qg7 O-O-O 18. Nf7 Rdg8 19. Qh6 Rg6 20. Qf4 Rg4
21. Nd6+ Bxd6 22. Qxd6 Nc7 23. Nb3 Rd8 24. Qe7 Qxg2 25. h3 Rg6 26. Qc5 e5 27.
Qxa7 Qb7 28. Qc5 Qd5 29. Qe7 h6 30. Rhe1 Qd6 31. Qf7 Rdg8 32. f4 R8g7 33. fxe5
Qd8 34. Qxg6 Rxg6 35. e6 Rg8 36. Nxd4 Qd5 37. e7 Qxa2 38. Nxf5 Qa1+ 39. Kd2
Qxb2 40. e8=Q+ Rxe8 41. Nd6+ Kd7 42. Nxe8 Nxe8 43. Ke3+ Nd6 0-1

[Event "IX C.to Europeo"]
[Site "Plovdiv BUL"]
[Date "2008.05.02"]
[Round "11"]
[White "Caruana, Fabiano"]
[Black "Lupulescu, Constantin"]
[Result "0-1"]
[WhiteElo "2620"]
[BlackElo "2558"]
[PlyCount "112"]
[EventDate "2008.04.21"]

1. e4 c5 2. Nf3 d6 3. d4 cxd4 4. Nxd4 Nf6 5. Nc3 Nc6 6. Bg5 e6 7. Qd2 a6 8.
O-O-O Bd7 9. f3 Be7 10. Kb1 Qc7 11. g4 h5 12. gxh5 Nxh5 13. Nxc6 Bxc6 14. Bxe7
Qxe7 15. Ne2 O-O-O 16. Nd4 Qc7 17. Qe1 Kb8 18. Nxc6+ Qxc6 19. Rg1 g6 20. Rg2
Nf4 21. Rgd2 e5 22. Qe3 Rd7 23. Qb3 Rc8 24. a3 Ka8 25. Qb4 d5 26. Qa5 Rcd8 27.
exd5 Nxd5 28. Rd3 f6 29. Bh3 f5 30. Qe1 Qe6 31. Bf1 Nb6 32. Qa5 Rxd3 33. Bxd3
Rd5 34. Qb4 Ka7 35. Re1 Qc6 36. Qb3 Rc5 37. Bf1 Nd5 38. Rd1 Qb6 39. Bc4 Rxc4
40. Qxc4 Ne3 41. Qe2 Nxd1 42. Qxd1 Qe3 43. Qd5 f4 44. h4 e4 45. fxe4 f3 46. Ka2
f2 47. Qc4 Qf4 48. Qf1 Kb8 49. b3 b5 50. Kb2 Kc7 51. a4 Kd6 52. axb5 axb5 53.
Kc3 Qe3+ 54. Kb2 Qe1 55. e5+ Qxe5+ 56. Ka2 Qe1 0-1

[Event "IX C.to Europeo"]
[Site "Plovdiv BUL"]
[Date "2008.05.02"]
[Round "11"]
[White "Hagesaether, Arne"]
[Black "Rombaldoni, Axel"]
[Result "0-1"]
[WhiteElo "2181"]
[BlackElo "2398"]
[PlyCount "64"]
[EventDate "2008.04.21"]

1. e4 c5 2. Nc3 Nc6 3. f4 e6 4. Nf3 d5 5. Bb5 Nge7 6. exd5 exd5 7. Qe2 Qd6 8.
d4 cxd4 9. Nxd4 a6 10. Be3 g6 11. Nxc6 bxc6 12. Bd4 cxb5 13. Bxh8 f6 14. Rd1
Kf7 15. O-O Kg8 16. Ne4 Qe6 17. Bxf6 dxe4 18. Be5 Qc4 19. Qf2 Nf5 20. b3 Qc5
21. Rd8 Qxf2+ 22. Kxf2 Kf7 23. Rfd1 Bc5+ 24. Ke2 Ne3 25. R1d7+ Bxd7 26. Rxa8
Bg4+ 27. Kf2 Nc4+ 28. Ke1 Nxe5 29. fxe5 Bb4+ 30. Kf2 Bd2 31. e6+ Ke7 32. Ra7+
Kxe6 0-1

[Event "XIV Torneo Leonardo di Bona Magistrale"]
[Site "Cutro ITA"]
[Date "2008.04.23"]
[Round "1"]
[White "Blasco, Domenico"]
[Black "Andonov, Bogomil"]
[Result "1/2-1/2"]
[WhiteElo "2025"]
[BlackElo "2334"]
[PlyCount "130"]
[EventDate "2008.04.23"]

1. d4 Nf6 2. Nf3 c5 3. e3 e6 4. Bd3 b6 5. Nbd2 Bb7 6. O-O d6 7. c3 Nbd7 8. a3
Be7 9. b4 cxd4 10. cxd4 Nd5 11. Bb2 O-O 12. Rc1 Rc8 13. Rxc8 Qxc8 14. Qb1 g6
15. Rc1 Qa8 16. Ne4 Rc8 17. Rxc8+ Qxc8 18. Qc2 Qxc2 19. Bxc2 b5 20. Bd3 N5b6
21. Ned2 a6 22. Nb3 Bd5 23. Nfd2 Na4 24. Ba1 f5 25. f3 Bd8 26. Kf2 Kf7 27. Ke2
Ke7 28. e4 fxe4 29. fxe4 Ba8 30. g3 Nf6 31. Bc2 Nb6 32. e5 dxe5 33. dxe5 Nfd7
34. Bd4 Na4 35. Be4 Bd5 36. Na5 Bxa5 37. bxa5 Nac5 38. Bxc5+ Nxc5 39. Ke3 Bxe4
40. Nxe4 Nb3 41. Kd3 Nxa5 42. Nc5 Nc4 43. Kd4 a5 44. a4 Na3 45. axb5 Nxb5+ 46.
Kc4 Na7 47. Nd3 Kd7 48. Nc5+ Ke7 49. Nd3 Nc6 50. Kb5 Nd4+ 51. Kxa5 g5 52. h3 g4
53. hxg4 Ne2 54. Kb5 Nxg3 55. Kc5 Ne2 56. Kc4 Kf7 57. Nc5 Ng1 58. Kd3 Nf3 59.
Ke4 Ng5+ 60. Kf4 h6 61. Nd7 Ke7 62. Nf6 Kf8 63. Nd7+ Kf7 64. Nc5 Ke7 65. Kg3
Kf7 1/2-1/2

[Event "XIV Torneo Leonardo di Bona Magistrale"]
[Site "Cutro ITA"]
[Date "2008.04.23"]
[Round "1"]
[White "Brancaleoni, Maurizio"]
[Black "Meijers, Viesturs"]
[Result "1/2-1/2"]
[WhiteElo "2207"]
[BlackElo "2510"]
[PlyCount "98"]
[EventDate "2008.04.23"]

1. Nf3 e6 2. c4 b6 3. g3 Bb7 4. Bg2 f5 5. O-O Nf6 6. Nc3 Bb4 7. Qc2 O-O 8. a3
Bxc3 9. Qxc3 d6 10. b4 Nbd7 11. a4 a5 12. b5 Qe8 13. d3 Qh5 14. Qd4 Ng4 15. h3
e5 16. hxg4 fxg4 17. Nxe5 Bxg2 18. Kxg2 Qh3+ 19. Kg1 Nxe5 20. Qd5+ Kh8 21. Qh1
Qxh1+ 22. Kxh1 Rae8 23. Kg2 Nd7 24. Be3 h5 25. Rae1 Kh7 26. Bd4 g5 27. f3 gxf3+
28. exf3 Kg6 29. Re4 Rxe4 30. dxe4 Re8 31. Re1 Ne5 32. Bxe5 Rxe5 33. Rd1 g4 34.
Rd4 gxf3+ 35. Kxf3 Re7 36. Rd5 Rf7+ 37. Kg2 Kh6 38. Kh3 Rf1 39. e5 dxe5 40.
Rxe5 Rh1+ 41. Kg2 Ra1 42. c5 Rxa4 43. cxb6 cxb6 44. Re6+ Kg5 45. Rxb6 Rb4 46.
Rb8 a4 47. b6 a3 48. b7 a2 49. Rg8+ Kh6 1/2-1/2

[Event "XIV Torneo Leonardo di Bona Magistrale"]
[Site "Cutro ITA"]
[Date "2008.04.23"]
[Round "1"]
[White "Codenotti, Marco"]
[Black "Bentivegna, Francesco"]
[Result "1/2-1/2"]
[WhiteElo "2063"]
[BlackElo "2361"]
[PlyCount "33"]
[EventDate "2008.04.23"]

1. e4 e5 2. Nf3 Nc6 3. Bb5 a6 4. Bxc6 dxc6 5. O-O Ne7 6. Nxe5 Qd4 7. Qh5 g6 8.
Nf3 Qxe4 9. Qa5 Bg4 10. Re1 Qd5 11. Qxc7 Bxf3 12. gxf3 Qxf3 13. Nc3 Qg4+ 14.
Kh1 Qf3+ 15. Kg1 Qg4+ 16. Kh1 Qf3+ 17. Kg1 1/2-1/2

[Event "XIV Torneo Leonardo di Bona Magistrale"]
[Site "Cutro ITA"]
[Date "2008.04.23"]
[Round "1"]
[White "Damia, Angelo"]
[Black "Solodovnichenko, Yuri"]
[Result "0-1"]
[WhiteElo "2302"]
[BlackElo "2537"]
[PlyCount "70"]
[EventDate "2008.04.23"]

1. e4 c5 2. Nf3 d6 3. d4 Nf6 4. Nc3 cxd4 5. Nxd4 a6 6. Bg5 e6 7. f4 Qc7 8. Qf3
b5 9. Bd3 b4 10. Nce2 Nbd7 11. O-O-O Bb7 12. g4 Rc8 13. Bxf6 gxf6 14. Kb1 Qb6
15. Rhe1 Bg7 16. h4 h5 17. Nb3 hxg4 18. Qxg4 Ke7 19. h5 a5 20. Nbd4 Bh6 21. Qh4
Rc5 22. Ng3 a4 23. Re2 Kf8 24. Nf3 Rg8 25. Nh2 b3 26. Ng4 bxa2+ 27. Kxa2 Rxg4
28. Qxg4 f5 29. Qh4 fxe4 30. Bxe4 Bg7 31. Rb1 Bxe4 32. Nxe4 Rxc2 33. Qd8+ Qxd8
34. Rxc2 Qb6 35. b3 Qb4 0-1

[Event "XIV Torneo Leonardo di Bona Magistrale"]
[Site "Cutro ITA"]
[Date "2008.04.23"]
[Round "1"]
[White "Gladyszev, Oleg"]
[Black "Kragelj, Igor"]
[Result "1-0"]
[WhiteElo "2497"]
[BlackElo "2207"]
[PlyCount "175"]
[EventDate "2008.04.23"]

1. d4 Nf6 2. c4 e6 3. Nc3 Bb4 4. Qc2 c5 5. dxc5 O-O 6. a3 Bxc5 7. Nf3 b6 8. Bf4
Bb7 9. Rd1 Nc6 10. b4 Nh5 11. Bc1 Be7 12. e4 d6 13. Be2 Qb8 14. O-O Nf6 15. h3
Nd7 16. Bg5 Bxg5 17. Nxg5 h6 18. Nf3 a5 19. Qd2 axb4 20. axb4 Nxb4 21. Qxd6 Nc6
22. Qd2 Nc5 23. Qb2 Ra6 24. Ne1 Rd8 25. Nc2 Rxd1 26. Rxd1 Qe5 27. f3 Kf8 28.
Bf1 Kg8 29. Rb1 Kf8 30. Rd1 Kg8 31. Ne1 Qf6 32. Nd3 Qe7 33. Nf2 h5 34. Nb5 e5
35. Rd2 Bc8 36. Nd1 Qg5 37. Rf2 Bxh3 38. Nc7 Ra5 39. Qxb6 Bd7 40. Nb5 Qe7 41.
Nbc3 Ra6 42. Qb2 Ra8 43. Nb5 h4 44. Ndc3 Qg5 45. Qd2 Qxd2 46. Rxd2 Be6 47. Rd6
Rc8 48. Nd5 Bxd5 49. exd5 Ne7 50. Rb6 Nf5 51. Nd6 Nxd6 52. Rxd6 Kf8 53. Rb6 Ke7
54. g3 hxg3 55. Kg2 Nd7 56. Ra6 Nc5 57. Ra7+ Kf6 58. Kxg3 Kg6 59. Ra5 f5 60.
Rb5 Kf7 61. Kh4 g6 62. Rb6 Rh8+ 63. Kg3 Rc8 64. Kf2 Rc7 65. Ke3 Ra7 66. Rc6 Ra5
67. Be2 Ra3+ 68. Kf2 Ra5 69. Rc7+ Kf6 70. Rc6+ Kf7 71. Kg3 Nb3 72. Re6 Nd4 73.
Rxe5 Nxe2+ 74. Rxe2 Rc5 75. Rc2 g5 76. Kf2 Kf6 77. Ke3 Ke5 78. Kd3 Rc8 79. Re2+
Kf4 80. Re3 g4 81. fxg4 fxg4 82. Re1 g3 83. Kd4 g2 84. d6 Kf3 85. Rg1 Kf2 86.
Rxg2+ Kxg2 87. c5 Kf3 88. d7 1-0

[Event "XIV Torneo Leonardo di Bona Magistrale"]
[Site "Cutro ITA"]
[Date "2008.04.23"]
[Round "1"]
[White "Kasparova, Tatiana"]
[Black "Salvador, Roland"]
[Result "1-0"]
[WhiteElo "2147"]
[BlackElo "2450"]
[PlyCount "111"]
[EventDate "2008.04.23"]

1. e4 c5 2. Nf3 Nc6 3. Bb5 Nf6 4. Bxc6 dxc6 5. d3 Bg4 6. h3 Bxf3 7. Qxf3 e5 8.
Nd2 Qc7 9. O-O Nd7 10. Nc4 g6 11. Qg3 f6 12. a4 g5 13. Qg4 O-O-O 14. Bd2 Kb8
15. Rfb1 h5 16. Qf5 g4 17. h4 Bh6 18. Bxh6 Rxh6 19. g3 a5 20. c3 Nf8 21. Rd1
Qh7 22. Qxh7 Rxh7 23. Kf1 Rf7 24. Nxa5 f5 25. exf5 Rxf5 26. Nc4 Ng6 27. a5 Ka7
28. Ke2 Rdf8 29. Rf1 Ne7 30. Nd6 Rf3 31. Ne4 b6 32. axb6+ Kxb6 33. Nd2 R3f5 34.
Nc4+ Kc7 35. Ra7+ Kd8 36. Nd6 Rf3 37. Ne4 Nd5 38. Nxc5 R8f7 39. Rxf7 Rxf7 40.
Ra1 Ke8 41. Ra8+ Ke7 42. Ra7+ Kf6 43. Ne4+ Kg7 44. Rxf7+ Kxf7 45. f3 Ke6 46.
fxg4 hxg4 47. Kd2 Nb6 48. c4 Kf5 49. Ke3 Ke6 50. b3 Kf5 51. b4 Ke6 52. Nf2 Kf5
53. h5 Nd7 54. h6 Nf6 55. Ne4 Nh7 56. b5 1-0

[Event "XIV Torneo Leonardo di Bona Magistrale"]
[Site "Cutro ITA"]
[Date "2008.04.23"]
[Round "1"]
[White "Lazic, Miroljub"]
[Black "Stromboli, Ettore"]
[Result "1-0"]
[WhiteElo "2539"]
[BlackElo "2329"]
[PlyCount "73"]
[EventDate "2008.04.23"]

1. g3 Nf6 2. Bg2 e6 3. Nf3 Be7 4. O-O d5 5. d3 b6 6. Nbd2 Bb7 7. e4 c5 8. Qe2
Nc6 9. c3 Qc7 10. Re1 h6 11. h4 O-O-O 12. Nf1 Rdg8 13. Bf4 Qd8 14. Ne5 Nxe5 15.
Bxe5 Nd7 16. exd5 Nxe5 17. Qxe5 Bf6 18. Qh5 g6 19. Qe2 Bxd5 20. Bxd5 Qxd5 21.
Ne3 Qb7 22. d4 cxd4 23. cxd4 Rd8 24. Rad1 Kb8 25. d5 Rhe8 26. Ng4 Bg7 27. dxe6
Rxd1 28. Qxd1 h5 29. Qa4 b5 30. Qf4+ Qc7 31. Qg5 Qa5 32. Re5 a6 33. exf7 Rxe5
34. Nxe5 Qe1+ 35. Kg2 Qe4+ 36. Kh2 Qd5 37. Qe7 1-0

[Event "XIV Torneo Leonardo di Bona Magistrale"]
[Site "Cutro ITA"]
[Date "2008.04.23"]
[Round "1"]
[White "Maiorov, Nikita"]
[Black "Stromboli, Carlo"]
[Result "1-0"]
[WhiteElo "2524"]
[BlackElo "2266"]
[PlyCount "65"]
[EventDate "2008.04.23"]

1. d4 Nf6 2. c4 e6 3. Nc3 Bb4 4. Qc2 b6 5. a3 Bxc3+ 6. Qxc3 d6 7. Nf3 Nbd7 8.
e3 Bb7 9. Be2 O-O 10. O-O Rc8 11. b4 c5 12. Bb2 Qe7 13. Rfd1 Rfd8 14. Rac1 d5
15. dxc5 dxc4 16. Qxc4 bxc5 17. Qh4 cxb4 18. axb4 Nf8 19. b5 Rxd1+ 20. Rxd1 Rc2
21. Rd2 Rxd2 22. Nxd2 Ng6 23. Qd4 Bd5 24. Qc3 Qd7 25. f3 Ne8 26. e4 Bb7 27. Qd4
Qe7 28. Qxa7 Nf4 29. Bf1 e5 30. Nc4 Qg5 31. g3 Bc8 32. Qb8 Bd7 33. Qxe5 1-0

[Event "XIV Torneo Leonardo di Bona Magistrale"]
[Site "Cutro ITA"]
[Date "2008.04.23"]
[Round "1"]
[White "Mrdja, Milan"]
[Black "Cordi', Domenico"]
[Result "1-0"]
[WhiteElo "2360"]
[BlackElo "2047"]
[PlyCount "61"]
[EventDate "2008.04.23"]

1. e4 c5 2. Nf3 d6 3. d4 cxd4 4. Qxd4 a6 5. Bg5 Nc6 6. Qd2 h6 7. Bh4 g5 8. Bg3
Bg7 9. Nc3 Be6 10. Nd5 Nf6 11. Nxf6+ Bxf6 12. c3 Qb6 13. h3 Bg7 14. Be2 Rc8 15.
O-O Qc5 16. Rfd1 O-O 17. Rac1 Qa5 18. a3 Bb3 19. Re1 Qc5 20. Kh1 b5 21. Bd1 Be6
22. b4 Qa7 23. h4 g4 24. Nh2 Qd7 25. f4 f5 26. exf5 Bxf5 27. Bb3+ Kh7 28. Nf1
Nd8 29. Ne3 e6 30. c4 bxc4 31. Nxc4 1-0